Close-Up 'P' Images Quiz Stats

Quiz Updated May 25, 2016

Challenge
Share
Tweet
Score 0/20 Timer 04:00
1 Play Today
% Correct
pig
99.6%
piano
99.6%
pencil
98.9%
pumpkin
98.7%
pepperoni pizza
98.1%
popcorn
98%
puzzle
96.8%
pretzel
96.5%
panther
96.2%
parrot
96.1%
% Correct
paint
95.8%
penguin
94.2%
peach
92.4%
penny
91.1%
pinecone
90%
piƱata
88.5%
platypus
87.7%
pickle
87.2%
porcupine
85.2%
padlock
82.1%

You're not logged in!

Compare scores with friends on all Sporcle quizzes.
Sign Up with Email
OR
Log In

You Might Also Like...

Show Comments

Extras

Top Quizzes Today


Score Distribution

Your Account Isn't Verified!

In order to create a playlist on Sporcle, you need to verify the email address you used during registration. Go to your Sporcle Settings to finish the process.